00731nam a22001457a 4500008004100000040005500041080003000096245020200126260004700328300001000375650001200385942001200397999001700409952015900426230428b |||||||| |||| 00| 0 eng d aNational Science LibrarycNational Science Library a519.21:061.62(082.2) bM4 aProceedings of third annual conference of Indian society for theory of probability and its applications: bAugust 22-24, 1981 c/ Held at Department of Mathematical Statistics, University of Delhi  aNew Delhi: bWiley Eastern Limited, c1981 a104p. aScience 2udccPR c24757d24757 00102udc40651921061620822_M470936311aNSLbNSLcGF/Rk-5/C-23/R-4d1984-05-17l0o519.21:061.62(082.2) M4p104484r2023-04-28 00:00:00w1984-05-17yPR